[Event "Open Aubagne"]
[Site "Aubagne"]
[Date "2023.12.02"]
[Round "4.5"]
[White "Gamblin, Vincent"]
[Black "Evrard, Nicolas"]
[Result "1-0"]
[WhiteElo "1479"]
[BlackElo "1238"]
[PlyCount "129"]
[WhiteTeam "Ech. du Roy Rene"]
[BlackTeam "Salon Nostradamus"]

1. e4 c5 2. Nf3 d6 3. d4 cxd4 4. Nxd4 Nf6 5. Nc3 a6 6. Bd3 e5 7. Nf3 Be6 8. h3
Be7 9. Be3 O-O 10. O-O h6 11. Qe2 b5 12. a3 Nh7 13. Nd5 Nd7 14. b4 f5 15. Nxe7+
Qxe7 16. exf5 Bxf5 17. Bxf5 Rxf5 18. Rad1 g5 19. Rd2 Raf8 20. Rfd1 R8f6 21. c4
Rf4 22. Bxf4 gxf4 23. Qe4 bxc4 24. Qxc4+ Kg7 25. Qe4 Rg6 26. Rc1 Nhf6 27. Qc6
d5 28. Qc7 Ne8 29. Qc3 d4 30. Qc4 Nd6 31. Qe2 Nf5 32. Re1 Nh4 33. Nxh4 Qxh4 34.
Qf3 Qg5 35. Qg4 Qxg4 36. hxg4 Rxg4 37. f3 Rg5 38. Kf2 h5 39. Rc1 Nb6 40. Rc5
Na4 41. Rc6 Rg6 42. Rdc2 Nc3 43. R2xc3 dxc3 44. Rxc3 h4 45. Rc5 Re6 46. a4 Kf6
47. Kg1 Kf5 48. Kh2 Rh6 49. Kh3 Rg6 50. b5 axb5 51. Rxb5 Rg3+ 52. Kh2 h3 53.
gxh3 Rxf3 54. a5 Rf2+ 55. Kg1 Ra2 56. h4 Ra3 57. Kg2 Rg3+ 58. Kf2 Rh3 59. a6
Ke4 60. Rb4+ Kd5 61. Ra4 e4 62. a7 Rf3+ 63. Ke2 Re3+ 64. Kd2 Rd3+ 65. Kc2 1-0

[Event "Open Aubagne"]
[Site "Aubagne"]
[Date "2023.12.02"]
[Round "4.6"]
[White "Boudet, Nicole"]
[Black "Madi, Chahinez"]
[Result "0-1"]
[WhiteElo "1075"]
[BlackElo "1462"]
[PlyCount "76"]
[WhiteTeam "C.E. Pennois"]
[BlackTeam "C.E. Aubagnais"]

1. e4 c5 2. Nc3 d6 3. d4 cxd4 4. Qxd4 Nc6 5. Qd2 Nf6 6. b3 g6 7. Bb2 Bg7 8. f3
O-O 9. O-O-O a5 10. h4 Bd7 11. Bc4 Ne5 12. Bb5 Bxb5 13. Nxb5 Qb6 14. a4 Nc6 15.
g4 Rac8 16. Ne2 Nb4 17. Na3 Rc7 18. Kb1 Na6 19. g5 Nh5 20. Nc3 Rfc8 21. Nd5 Qc5
22. Nxc7 Bxb2 23. Kxb2 Rxc7 24. Rc1 Qe5+ 25. c3 Nf4 26. Rhd1 Nc5 27. Qd4 Qxd4
28. Rxd4 Nfd3+ 29. Rxd3 Nxd3+ 30. Kc2 Nxc1 31. Nc4 Ne2 32. Kd3 Nf4+ 33. Ke3
Ng2+ 34. Kd4 Nxh4 35. Ke3 Rc5 36. Kf4 b5 37. Nb6 bxa4 38. Nxa4 Rb5 0-1

[Event "Open Aubagne"]
[Site "Aubagne"]
[Date "2023.12.02"]
[Round "4.8"]
[White "Deregnaucourt, Yves"]
[Black "Normand, Christophe"]
[Result "1/2-1/2"]
[WhiteElo "1617"]
[BlackElo "1236"]
[PlyCount "50"]
[WhiteTeam "C.E. Aubagnais"]
[BlackTeam "C.E. Pennois"]

1. e4 e5 2. Nf3 d6 3. d4 exd4 4. Nxd4 Nf6 5. Nc3 Be7 6. Bc4 O-O 7. O-O Nxe4 8.
Nxe4 d5 9. Bd3 dxe4 10. Bxe4 Bf6 11. c3 Nd7 12. Bf4 Nc5 13. Bxh7+ Kxh7 14. Qh5+
Kg8 15. Qxc5 Bxd4 16. cxd4 c6 17. Rfe1 Be6 18. a3 Bd5 19. Re3 b6 20. Qc2 Qf6
21. Be5 Qg6 22. Qxg6 fxg6 23. Ree1 Rf5 24. Bg3 Kh7 25. Re7 Rf7 1/2-1/2

[Event "Open Aubagne"]
[Site "Aubagne"]
[Date "2023.12.02"]
[Round "4.9"]
[White "Hassaine, Rachid"]
[Black "Roubinet, Luan"]
[Result "1-0"]
[WhiteElo "1355"]
[BlackElo "1199"]
[PlyCount "97"]
[WhiteTeam "C.E. Aubagnais"]
[BlackTeam "C.E. Aubagnais"]

1. e4 c5 2. c3 d6 3. d4 cxd4 4. cxd4 Nf6 5. Nc3 a6 6. Bc4 e6 7. e5 dxe5 8. dxe5
Qxd1+ 9. Nxd1 Nfd7 10. Nc3 b5 11. Bd3 Bb7 12. Nf3 Nc6 13. Bf4 Bc5 14. O-O O-O
15. Ne4 Bd4 16. Nd6 Bxe5 17. Nxe5 Ncxe5 18. Bxh7+ Kxh7 19. Nxb7 Nd3 20. Bd6 Rg8
21. Rab1 Ra7 22. Na5 N3c5 23. f3 f5 24. Bg3 Raa8 25. Rfd1 Nf6 26. b3 g5 27.
Rbc1 Ncd7 28. Rc7 Rg7 29. Be1 g4 30. fxg4 Rag8 31. Bc3 e5 32. Nc6 fxg4 33. Nxe5
Nxe5 34. Rxg7+ Rxg7 35. Bxe5 Kg6 36. Rd6 Rf7 37. Rxa6 Kf5 38. Rxf6+ Rxf6 39.
Bxf6 Kxf6 40. a4 bxa4 41. bxa4 Ke7 42. h3 gxh3 43. gxh3 Kd6 44. h4 Ke7 45. a5
Kd7 46. h5 Kc6 47. h6 Kb5 48. h7 Kxa5 49. h8=Q 1-0

[Event "Open Aubagne"]
[Site "Aubagne"]
[Date "2023.12.02"]
[Round "4.10"]
[White "Madi, Walid"]
[Black "Periale, Albert"]
[Result "1-0"]
[WhiteElo "1333"]
[BlackElo "1195"]
[PlyCount "69"]
[WhiteTeam "C.E. Aubagnais"]
[BlackTeam "C.E. Aubagnais"]

1. d4 d5 2. c4 c6 3. Nc3 e6 4. cxd5 cxd5 5. Bf4 Bd6 6. Bxd6 Qxd6 7. Rc1 Nc6 8.
e3 Nf6 9. a3 a6 10. Bd3 b5 11. Qc2 Bb7 12. b4 Rc8 13. Qb1 Qd8 14. Nf3 O-O 15.
O-O Re8 16. Rfd1 Qe7 17. e4 dxe4 18. Nxe4 h6 19. Nc5 Red8 20. Rd2 Nxd4 21. Nxd4
Rxd4 22. Bh7+ Nxh7 23. Rxd4 Nf6 24. Rcd1 Nd5 25. Qd3 Rd8 26. Re1 Qc7 27. Qg3
Qxg3 28. hxg3 Bc6 29. Rc1 Ra8 30. Nxe6 fxe6 31. Rxc6 Kf7 32. Re4 Nf6 33. Rexe6
Re8 34. Rxe8 Nxe8 35. Rxa6 1-0

[Event "Open Aubagne"]
[Site "Aubagne"]
[Date "2023.12.02"]
[Round "4.11"]
[White "Roganova, Jeremy"]
[Black "Belaid, Noa"]
[Result "1-0"]
[WhiteElo "1328"]
[BlackElo "1135"]
[PlyCount "45"]
[WhiteTeam "C.E. Aubagnais"]
[BlackTeam "C.E. Aubagnais"]

1. e4 e5 2. Nf3 Nc6 3. Bc4 h6 4. O-O Nf6 5. Nc3 d6 6. d4 Bg4 7. dxe5 Nxe5 8.
Be2 Nxf3+ 9. Bxf3 Bxf3 10. Qxf3 Qc8 11. Re1 Be7 12. e5 dxe5 13. Rxe5 c6 14. b3
Kf8 15. Bb2 Bd6 16. Re3 Ng4 17. Ree1 Bxh2+ 18. Kh1 Bc7 19. Ba3+ Kg8 20. Re7 Nf6
21. Ne4 Qd8 22. Nxf6+ gxf6 23. Qg4+ 1-0

[Event "Open Aubagne"]
[Site "Aubagne"]
[Date "2023.12.02"]
[Round "4.12"]
[White "Belaid, Myriam"]
[Black "Cotton, Paul"]
[Result "0-1"]
[WhiteElo "1199"]
[BlackElo "1314"]
[PlyCount "85"]
[WhiteTeam "C.E. Aubagnais"]
[BlackTeam "C.E. Aubagnais"]

1. c4 c5 2. d3 d6 3. Nf3 Nc6 4. g3 g6 5. Bg2 Bg7 6. Nc3 Nf6 7. O-O O-O 8. Bf4
h6 9. Qd2 Kh7 10. Rfe1 Rb8 11. Rab1 a6 12. a4 Bd7 13. e4 Ng4 14. Bh3 Nge5 15.
Kg2 Bxh3+ 16. Kxh3 Nxf3 17. Qe2 Ncd4 18. Qe3 Nxe1 19. Qxe1 Qd7+ 20. Kg2 Qg4 21.
Qe3 e5 22. h3 exf4 23. Qxf4 Qxf4 24. gxf4 b5 25. axb5 axb5 26. cxb5 Nxb5 27.
Nd5 Rb7 28. b4 Nd4 29. Nc3 Nc2 30. bxc5 Rxb1 31. Nxb1 dxc5 32. Kf3 Bd4 33. Ke2
Rb8 34. Nd2 Rb2 35. Kd1 Bxf2 36. Nc4 Ne3+ 37. Kc1 Nxc4 38. dxc4 Bd4 39. Kd1 g5
40. fxg5 hxg5 41. Kc1 Kh6 42. Kd1 Kh5 43. Kc1 0-1

[Event "Open Aubagne"]
[Site "Aubagne"]
[Date "2023.12.02"]
[Round "4.15"]
[White "Roux, Jean-Marie"]
[Black "Turpin, Isabelle"]
[Result "0-1"]
[WhiteElo "1261"]
[BlackElo "1088"]
[PlyCount "42"]
[WhiteTeam "Ech. du Roy Rene"]
[BlackTeam "C.E. Aubagnais"]

1. e4 c5 2. Nf3 d6 3. Nc3 Bg4 4. Bc4 Nf6 5. d3 a6 6. Bg5 Nbd7 7. Qd2 Bxf3 8.
gxf3 b5 9. Bb3 Ne5 10. Qe3 e6 11. O-O-O b4 12. Ne2 Be7 13. Kb1 d5 14. f4 Neg4
15. Qg3 O-O 16. e5 Nxf2 17. Bxf6 Bxf6 18. exf6 Qxf6 19. Qxf2 a5 20. a3 bxa3 21.
Qxc5 Qxb2# 0-1

[Event "Open Aubagne"]
[Site "Aubagne"]
[Date "2023.12.02"]
[Round "4.16"]
[White "Innocenti, Georges"]
[Black "Beneddra, Nassim"]
[Result "0-1"]
[WhiteElo "1012"]
[BlackElo "1248"]
[PlyCount "58"]
[WhiteTeam "C.E. Aubagnais"]
[BlackTeam "Ech. Marseillais 1872"]

1. e4 c6 2. d4 d5 3. e5 Bf5 4. Bd3 Bxd3 5. Qxd3 e6 6. Nf3 Nd7 7. O-O Rc8 8. b3
c5 9. dxc5 Bxc5 10. Be3 Ne7 11. Rc1 O-O 12. a3 Ng6 13. g3 Ndxe5 14. Nxe5 Nxe5
15. Qe2 Qf6 16. f4 Bxe3+ 17. Qxe3 Ng4 18. Qf3 Qxa1 19. Qxg4 Rxc2 20. Qd1 Rxc1
21. Qxc1 Qd4+ 22. Kg2 Qb6 23. b4 Qc6 24. Qf1 Rc8 25. Kh3 Qc2 26. Qe1 d4 27. Nd2
Rc3 28. Ne4 Rxa3 29. Qf2 Qxe4 0-1

[Event "Open Aubagne"]
[Site "Aubagne"]
[Date "2023.12.02"]
[Round "4.17"]
[White "Peucelle, Richard"]
[Black "Autouard, Jean-Luc"]
[Result "0-1"]
[WhiteElo "1199"]
[BlackElo "1235"]
[PlyCount "30"]
[WhiteTeam "C.E. Aubagnais"]
[BlackTeam "C.E. Aubagnais"]

1. e4 c5 2. Nf3 d6 3. d4 cxd4 4. Nxd4 Nf6 5. Nc3 e6 6. Bc4 Be7 7. O-O O-O 8.
Re1 e5 9. Nf3 Nc6 10. h3 a6 11. a3 Bd7 12. Bd2 Qc7 13. Be3 Rac8 14. Qd2 Nd4 15.
Nxd4 Qxc4 0-1

[Event "Open Aubagne"]
[Site "Aubagne"]
[Date "2023.12.02"]
[Round "4.18"]
[White "Roubinet, Tao"]
[Black "Pouliquen, Gilbert"]
[Result "1-0"]
[WhiteElo "1099"]
[BlackElo "1171"]
[PlyCount "57"]
[WhiteTeam "C.E. Aubagnais"]
[BlackTeam "Ech. Marseillais 1872"]

1. e4 c5 2. Nf3 d6 3. d4 cxd4 4. Nxd4 Nf6 5. Nc3 g6 6. Bc4 Bg7 7. O-O O-O 8. f4
e5 9. Ndb5 Ne8 10. f5 g5 11. Rf3 a6 12. Na3 Nc6 13. Rg3 h6 14. Nd5 Na5 15. Be3
Nxc4 16. Nxc4 b5 17. Ncb6 Rb8 18. Nxc8 Rxc8 19. Bb6 Qd7 20. Rc1 Nf6 21. Nxf6+
Bxf6 22. Qh5 Kg7 23. h4 Qc6 24. Be3 Qxe4 25. Bxg5 Bxg5 26. hxg5 Qf4 27. f6+ Kg8
28. Qxh6 Qxg3 29. Qg7# 1-0

[Event "Open Aubagne"]
[Site "Aubagne"]
[Date "2023.12.02"]
[Round "4.19"]
[White "Guelai, Belkacem"]
[Black "Formosa, Francoise"]
[Result "1/2-1/2"]
[WhiteElo "1199"]
[BlackElo "1199"]
[PlyCount "80"]
[WhiteTeam "C.E. Aubagnais"]
[BlackTeam "Ech. Marseillais 1872"]

1. e4 e5 2. Nf3 Nc6 3. Nc3 Nf6 4. Bc4 Be7 5. d3 Na5 6. Nxe5 Nxc4 7. Nxc4 O-O 8.
Be3 d5 9. e5 Ng4 10. h3 Nxe3 11. Nxe3 d4 12. Ne4 dxe3 13. O-O exf2+ 14. Rxf2
Qd4 15. c3 Qxe5 16. Qe2 f5 17. d4 Qxe4 18. Qc4+ Qe6 19. Qxc7 Bd6 20. Qa5 f4 21.
Raf1 b6 22. Qh5 Ba6 23. d5 Qf5 24. g4 Qxh5 25. gxh5 Bxf1 26. Rxf1 Rf5 27. c4
Rxh5 28. Rf3 Re8 29. Kf1 Rhe5 30. b3 Re1+ 31. Kg2 R8e2+ 32. Rf2 Rxf2+ 33. Kxf2
Ra1 34. a4 Rb1 35. h4 Rxb3 36. h5 Rb4 37. Kf3 Rxc4 38. h6 gxh6 39. Kg4 Rxa4 40.
Kh5 f3 1/2-1/2

[Event "Open Aubagne"]
[Site "Aubagne"]
[Date "2023.12.02"]
[Round "4.20"]
[White "Periale, Francine"]
[Black "Giraudoux Lognos, Lina"]
[Result "0-1"]
[WhiteElo "1199"]
[BlackElo "1199"]
[PlyCount "50"]
[WhiteTeam "C.E. Aubagnais"]
[BlackTeam "C.E. Aubagnais"]

1. d4 d5 2. c4 e6 3. Nc3 dxc4 4. e3 Bd6 5. Nf3 Nf6 6. Bxc4 O-O 7. O-O a6 8. Bd3
Nc6 9. e4 e5 10. d5 Nd4 11. Be3 Bc5 12. Nxe5 Re8 13. Nf3 Bg4 14. Re1 Nxf3+ 15.
gxf3 Qd7 16. Bxc5 Bh3 17. Bd4 Nh5 18. Ne2 b6 19. Be3 Qd6 20. Qd2 Qg6+ 21. Bg5
Re5 22. Nf4 Qxg5+ 23. Kh1 Nxf4 24. Rg1 Bg2+ 25. Rxg2 Qxg2# 0-1

[Event "Open Aubagne"]
[Site "Aubagne"]
[Date "2024.01.20"]
[Round "5.1"]
[White "Maggio, Lucas"]
[Black "Madi, Mohammed"]
[Result "1/2-1/2"]
[WhiteElo "1524"]
[BlackElo "1464"]
[PlyCount "81"]
[WhiteTeam "C.E. Aubagnais"]
[BlackTeam "C.E. Aubagnais"]

1. d4 Nf6 2. c4 g6 3. Nc3 Bg7 4. e4 d6 5. Be2 O-O 6. Be3 Nbd7 7. g4 c5 8. g5
Ne8 9. d5 e5 10. h4 f5 11. gxf6 Qxf6 12. h5 g5 13. Qd2 h6 14. O-O-O Nb6 15. f3
a6 16. Nh3 Bxh3 17. Rxh3 Kh7 18. Rg1 Rg8 19. Rhg3 Bf8 20. Bf1 Be7 21. Kb1 Rd8
22. Qe2 Ng7 23. Qh2 Ne8 24. Bd3 Kh8 25. Nd1 Qf7 26. Bd2 Nd7 27. Ne3 Ng7 28. Ng4
Kh7 29. b3 Ne8 30. Qh3 Nc7 31. Ne3 Bf6 32. Qf5+ Kh8 33. Ng4 Qg7 34. Nxf6 Qxf6
35. Qxf6+ Nxf6 36. Bf1 Nce8 37. Rh3 Ng7 38. Rgh1 Kh7 39. R3h2 Rdf8 40. Bh3 b6
41. Ka1 1/2-1/2

[Event "Open Aubagne"]
[Site "Aubagne"]
[Date "2024.01.20"]
[Round "5.3"]
[White "Touaoula, Rachid"]
[Black "Vrillet, Sylvain"]
[Result "0-1"]
[WhiteElo "1507"]
[BlackElo "1539"]
[PlyCount "100"]
[WhiteTeam "Ech. Marseillais 1872"]
[BlackTeam "C.E. Aubagnais"]

1. Nf3 c6 2. c4 Nf6 3. g3 d5 4. b3 g6 5. Bb2 Bg7 6. Bg2 O-O 7. O-O Re8 8. Qc2
Bf5 9. d3 Nbd7 10. Nbd2 e5 11. Rad1 d4 12. Nh4 Be6 13. b4 Nb6 14. h3 Qd7 15.
Kh2 Nh5 16. Ne4 f5 17. Nc5 Qc8 18. Nxe6 Qxe6 19. a4 Rad8 20. a5 Nc8 21. Bc1 e4
22. Bg5 Rd7 23. Qc1 Nd6 24. Bh1 Nf7 25. Ng2 h6 26. Bd2 g5 27. h4 exd3 28. exd3
Ne5 29. Ne1 gxh4 30. b5 hxg3+ 31. fxg3 Ng4+ 32. Kh3 Qe2 33. Rxf5 Nf2+ 34. Rxf2
Qxf2 35. Bf4 Be5 36. Rd2 Nxf4+ 37. gxf4 Qxf4 38. Rg2+ Rg7 39. Qxf4 Bxf4 40.
Rxg7+ Kxg7 41. Be4 c5 42. Kg4 Be3 43. Bxb7 Bd2 44. Bc6 Rxe1 45. b6 axb6 46.
axb6 Ba5 47. b7 Bc7 48. Be4 Kf6 49. Bd5 Re3 50. Be4 Rxe4+ 0-1

[Event "Open Aubagne"]
[Site "Aubagne"]
[Date "2024.01.20"]
[Round "5.4"]
[White "Vrillet, Loan"]
[Black "Gamblin, Vincent"]
[Result "1-0"]
[WhiteElo "1444"]
[BlackElo "1425"]
[PlyCount "75"]
[WhiteTeam "C.E. Aubagnais"]
[BlackTeam "Ech. du Roy Rene"]

1. e4 d6 2. d4 Nf6 3. Nc3 g6 4. Nf3 Bg7 5. Be3 O-O 6. h3 Nbd7 7. Qd2 a5 8. e5
dxe5 9. dxe5 Ne8 10. e6 fxe6 11. Ng5 Nd6 12. Nxe6 Qe8 13. Nxc7 Qf7 14. Nxa8 Ne5
15. Nb6 Bf5 16. Be2 Nc6 17. Bd3 Rd8 18. O-O Qe6 19. Qe2 Bxd3 20. Qxd3 Nf5 21.
Qc4 Qxc4 22. Nxc4 Nb4 23. Rad1 Rc8 24. Nb6 Rc6 25. Rd8+ Kf7 26. g4 Nxe3 27.
fxe3+ Ke6 28. Ne4 h6 29. c3 Na6 30. Nd5 Nc5 31. Nf4+ Ke5 32. Nxc5 Rxc5 33.
Nxg6+ Ke4 34. Nxe7 h5 35. Nf5 Be5 36. Nd6+ Kxe3 37. Re1+ Kf4 38. Rf8+ 1-0

[Event "Open Aubagne"]
[Site "Aubagne"]
[Date "2024.01.20"]
[Round "5.5"]
[White "Madi, Chahinez"]
[Black "Hassaine, Rachid"]
[Result "1-0"]
[WhiteElo "1520"]
[BlackElo "1334"]
[PlyCount "88"]
[WhiteTeam "C.E. Aubagnais"]
[BlackTeam "C.E. Aubagnais"]

1. e4 e5 2. Nf3 Nc6 3. Bb5 Nge7 4. O-O a6 5. Ba4 Ng6 6. c3 Be7 7. d4 b5 8. Bb3
O-O 9. Re1 Bb7 10. Nbd2 Nf4 11. Nf1 Ng6 12. Ng3 Bf6 13. Nh5 Be7 14. dxe5 Ncxe5
15. Nxe5 Nxe5 16. Qd4 d6 17. f4 c5 18. Qd1 Nd7 19. Qg4 g6 20. Ng3 Nf6 21. Qe2
c4 22. Bc2 Re8 23. Kh1 Qc8 24. Be3 Bf8 25. Bd4 Bg7 26. Qd2 Qg4 27. Bd1 Qh4 28.
Bf3 Ng4 29. Bxg4 Bxd4 30. cxd4 Qxg4 31. d5 Rac8 32. e5 Qd7 33. Ne4 Qd8 34. Nxd6
Qc7 35. Nxc8 Qxc8 36. Rac1 Rd8 37. d6 Qe6 38. Qa5 Qd5 39. Qxd8+ Kg7 40. Qf6+
Kg8 41. Rg1 Qd2 42. e6 fxe6 43. Qxe6+ Kg7 44. Qe7+ Kh6 1-0

[Event "Open Aubagne"]
[Site "Aubagne"]
[Date "2024.01.20"]
[Round "5.6"]
[White "Normand, Christophe"]
[Black "Madi, Walid"]
[Result "0-1"]
[WhiteElo "1249"]
[BlackElo "1353"]
[PlyCount "86"]
[WhiteTeam "C.E. Pennois"]
[BlackTeam "C.E. Aubagnais"]

1. e4 c5 2. Nc3 d6 3. f4 a6 4. Nf3 Qc7 5. Bc4 e6 6. O-O b5 7. Be2 Nd7 8. f5 Nb6
9. fxe6 Bxe6 10. Ng5 Be7 11. Nxe6 fxe6 12. d3 Nf6 13. Bg4 b4 14. Nb1 Qd7 15.
Bh5+ Nxh5 16. Qxh5+ g6 17. Qh3 e5 18. Qg3 O-O-O 19. Bh6 Bf8 20. Bg5 Re8 21. Nd2
h6 22. Bf6 Rg8 23. Rf2 Qe6 24. b3 d5 25. Bxe5 Qxe5 26. Qg4+ Kb8 27. Raf1 Bd6
28. Nf3 Qe6 29. Qh4 dxe4 30. dxe4 Qxe4 31. Qf6 Qe6 32. Qh4 g5 33. Qh5 Bf4 34.
Kh1 Nd5 35. g3 Nf6 36. Qxh6 Rh8 37. Qg6 Reg8 38. Qd3 Bxg3 39. Rg2 Bf4 40. Re1
Qc6 41. Rge2 g4 42. Re6 Qxf3+ 43. Qxf3 gxf3 0-1

[Event "Open Aubagne"]
[Site "Aubagne"]
[Date "2024.01.20"]
[Round "5.7"]
[White "Hovaguimian, Gerard"]
[Black "Leonti, Denis"]
[Result "1/2-1/2"]
[WhiteElo "1324"]
[BlackElo "1172"]
[PlyCount "35"]
[WhiteTeam "Hay Chess"]
[BlackTeam "Hay Chess"]

1. d4 d5 2. c4 c6 3. a4 Nf6 4. e3 e6 5. Nc3 b6 6. Bd3 Bb7 7. Nf3 a6 8. Bd2 dxc4
9. Bxc4 b5 10. axb5 cxb5 11. Bd3 Bb4 12. O-O Bxc3 13. Bxc3 O-O 14. Qc2 Bxf3 15.
gxf3 Qd5 16. Kh1 Qxf3+ 17. Kg1 Qg4+ 18. Kh1 1/2-1/2

[Event "Open Aubagne"]
[Site "Aubagne"]
[Date "2024.01.20"]
[Round "5.8"]
[White "Moerenhout, Jean Claude"]
[Black "Deregnaucourt, Yves"]
[Result "0-1"]
[WhiteElo "1261"]
[BlackElo "1584"]
[PlyCount "66"]
[WhiteTeam "C.E. Aubagnais"]
[BlackTeam "C.E. Aubagnais"]

1. e4 e5 2. Nf3 Nc6 3. Bc4 Bc5 4. c3 Nf6 5. d3 d6 6. h3 a6 7. a3 Be6 8. Bg5
Bxc4 9. dxc4 Bxf2+ 10. Kxf2 Nxe4+ 11. Kg1 Nxg5 12. Nxg5 Qxg5 13. Nd2 O-O 14.
Qf3 Qxd2 15. Rb1 f5 16. Qd5+ Qxd5 17. cxd5 Ne7 18. c4 c6 19. dxc6 bxc6 20. Kh2
d5 21. c5 d4 22. Rhe1 e4 23. Rbd1 d3 24. g4 g6 25. b4 Rad8 26. a4 Rb8 27. b5
cxb5 28. axb5 Rxb5 29. gxf5 gxf5 30. Rg1+ Kf7 31. Rg5 Rxc5 32. Rdg1 Rc2+ 33.
Kh1 Rg8 0-1

[Event "Open Aubagne"]
[Site "Aubagne"]
[Date "2024.01.20"]
[Round "5.10"]
[White "Cotton, Paul"]
[Black "Boudet, Nicole"]
[Result "1-0"]
[WhiteElo "1311"]
[BlackElo "1083"]
[PlyCount "83"]
[WhiteTeam "C.E. Aubagnais"]
[BlackTeam "C.E. Pennois"]

1. c4 Nf6 2. Nf3 d5 3. cxd5 Nxd5 4. d3 c5 5. Bd2 Nc6 6. g3 g6 7. Bg2 Bg7 8. Nc3
e6 9. Rb1 O-O 10. O-O b6 11. a3 Bb7 12. Qc1 Re8 13. Bh6 Nxc3 14. bxc3 Ne5 15.
Bxg7 Nxf3+ 16. Bxf3 Bxf3 17. exf3 Kxg7 18. Qc2 Qd5 19. Kg2 Rad8 20. Rfd1 Qc6
21. c4 Rd4 22. Qc3 h5 23. Re1 f5 24. Re5 Kh6 25. h4 Red8 26. Rd1 Qd6 27. Re3 f4
28. Re4 fxg3 29. Qd2+ Kh7 30. Rxd4 cxd4 31. fxg3 Qxa3 32. Qg5 Qd6 33. Ra1 Ra8
34. Qf6 a5 35. Qf7+ Kh6 36. Qb7 Rb8 37. Qf7 b5 38. Rb1 a4 39. Qa7 Qa3 40. Qxb8
Qa2+ 41. Kh3 Qxb1 42. Qh8# 1-0

[Event "Open Aubagne"]
[Site "Aubagne"]
[Date "2024.01.20"]
[Round "5.11"]
[White "Evrard, Nicolas"]
[Black "Roganova, Jeremy"]
[Result "0-1"]
[WhiteElo "1259"]
[BlackElo "1290"]
[PlyCount "86"]
[WhiteTeam "Salon Nostradamus"]
[BlackTeam "C.E. Aubagnais"]

1. e4 c5 2. Nf3 d6 3. c3 Nf6 4. h3 a6 5. Be2 e6 6. Qc2 Be7 7. O-O O-O 8. d3 Nc6
9. Nh2 d5 10. f4 Qc7 11. Nd2 d4 12. Ndf3 Rd8 13. Kh1 Nh5 14. Rf2 Nxf4 15. Bxf4
Qxf4 16. Qd2 Qg3 17. Raf1 Bd6 18. Qg5 Bf4 19. Qxg3 Bxg3 20. Ng1 Bxf2 21. Rxf2
dxc3 22. bxc3 Ne5 23. c4 Nxd3 24. Bxd3 Rxd3 25. Ngf3 b5 26. Ne5 Rd1+ 27. Nf1 f6
28. Ng4 Bb7 29. Nge3 Rd4 30. Nd2 Bxe4 31. Nb3 Rd3 32. Re2 bxc4 33. Nxc5 Rd4 34.
Nxe6 Rd6 35. Nc5 Bd3 36. Rd2 Rd4 37. Na4 Re8 38. Ng4 Re2 39. Rb2 Rxb2 40. Nxb2
c3 41. Nxd3 Rxd3 42. Nf2 Rd2 43. Ne4 c2 0-1

[Event "Open Aubagne"]
[Site "Aubagne"]
[Date "2024.01.20"]
[Round "5.12"]
[White "Turpin, Isabelle"]
[Black "Pretini, Augustin"]
[Result "0-1"]
[WhiteElo "1111"]
[BlackElo "1284"]
[PlyCount "78"]
[WhiteTeam "C.E. Aubagnais"]
[BlackTeam "C.E. Aubagnais"]

1. c4 Nf6 2. d3 e5 3. Nc3 Nc6 4. a3 d5 5. cxd5 Nxd5 6. Nxd5 Qxd5 7. Qc2 Bd7 8.
Nf3 Be7 9. Bd2 O-O 10. g3 Rac8 11. Bg2 Nd4 12. Qc1 Nb3 13. e4 Qd6 14. Bb4 Qe6
15. Qc4 Bxb4+ 16. axb4 Qxc4 17. dxc4 Nxa1 18. O-O Nc2 19. Nxe5 Be6 20. b5 c6
21. Rc1 Nd4 22. Re1 cxb5 23. Bf1 Bxc4 24. Bxc4 bxc4 25. Re3 Nb5 26. Nd7 Rfd8
27. Ne5 c3 28. bxc3 Rxc3 29. Re2 a5 30. Ng4 Rc4 31. f3 a4 32. Ne3 Rc3 33. Nd5
Rc1+ 34. Kg2 a3 35. Rd2 Kf8 36. e5 Nc3 37. e6 fxe6 38. Nf4 Rxd2+ 39. Kh3 a2 0-1

[Event "Open Aubagne"]
[Site "Aubagne"]
[Date "2024.01.20"]
[Round "5.13"]
[White "Roubinet, Luan"]
[Black "Rival, None"]
[Result "0-1"]
[WhiteElo "1199"]
[BlackElo "1397"]
[PlyCount "63"]
[WhiteTeam "C.E. Aubagnais"]
[BlackTeam "Ech. Marseillais 1872"]

1. e4 c6 2. d4 d5 3. exd5 cxd5 4. Nc3 Bf5 5. Nf3 Nc6 6. Bf4 a6 7. Bd3 Bxd3 8.
Qxd3 e6 9. a3 Nf6 10. O-O-O b5 11. b4 Rc8 12. Ne2 Be7 13. Ne5 Ne4 14. Qf3 a5
15. Bd2 Nxe5 16. dxe5 Qc7 17. c3 axb4 18. axb4 Bxb4 19. Kb2 O-O 20. Qe3 Bc5 21.
Nd4 b4 22. Rc1 bxc3+ 23. Bxc3 Qb6+ 24. Kc2 Bxd4 25. Qf3 Rxc3+ 26. Qxc3 Bxc3 27.
Kd3 Qd4+ 28. Ke2 Qd2+ 29. Kf3 Qxf2+ 30. Kg4 Qxg2+ 31. Kh4 g5+ 32. Kh5 0-1

[Event "Open Aubagne"]
[Site "Aubagne"]
[Date "2024.01.20"]
[Round "5.16"]
[White "Jardel, Stephane"]
[Black "Roux, Jean-Marie"]
[Result "0-1"]
[WhiteElo "1199"]
[BlackElo "1252"]
[PlyCount "170"]
[WhiteTeam "C.E. Aubagnais"]
[BlackTeam "Ech. du Roy Rene"]

1. c4 e5 2. Nc3 Nf6 3. d3 Be7 4. g3 O-O 5. Bg2 Nc6 6. Nf3 d6 7. O-O Bg4 8. Bd2
Qd7 9. a3 Bh3 10. b4 Bxg2 11. Kxg2 Rad8 12. e4 Kh8 13. Be3 a6 14. h3 Rg8 15.
Qb3 Rdf8 16. Rfd1 Nh5 17. d4 exd4 18. Nxd4 g6 19. Bh6 Re8 20. c5 Bf6 21. Nxc6
bxc6 22. f3 Bg7 23. Bxg7+ Nxg7 24. Rd3 Rgf8 25. Rad1 Re6 26. R1d2 Kg8 27. Nd1
Qe7 28. Ne3 Nh5 29. h4 Rc8 30. Nc4 dxc5 31. Rd7 Qf6 32. e5 Qg7 33. Qe3 Qf8 34.
g4 Ng7 35. bxc5 Ne8 36. h5 gxh5 37. Qg5+ Ng7 38. Rd8 Rxd8 39. Rxd8 Re8 40. Rd4
hxg4 41. Rxg4 Kh8 42. Qf6 Re6 43. Qg5 Rg6 44. Qd2 Rxg4+ 45. fxg4 Ne6 46. Qf2
Nxc5 47. Qf6+ Qg7 48. Kf3 Qxf6+ 49. exf6 Ne6 50. Ne5 Kg8 51. Nxc6 h6 52. Nb4 a5
53. Nc6 a4 54. Ne5 c5 55. Ke4 Nc7 56. Nc4 Kh7 57. Ke5 Kg6 58. Nb6 Nb5 59. Nxa4
c4 60. Ke4 Kxf6 61. Ke3 Kg5 62. Kf3 c3 63. Nc5 Nd4+ 64. Kg3 c2 65. Nd3 Nb3 66.
a4 c1=Q 67. Nxc1 Nxc1 68. a5 Ne2+ 69. Kf2 Nd4 70. a6 Nc6 71. Kg3 h5 72. gxh5
Kxh5 73. Kf4 Kg6 74. Kg4 f6 75. Kf4 f5 76. Kf3 Kg5 77. Kg3 f4+ 78. Kf3 Kf5 79.
Kf2 Kg4 80. Kg2 f3+ 81. Kf2 Kf4 82. Kf1 Kg3 83. Kg1 Na7 84. Kh1 Kf2 85. Kh2 Ke2
0-1

[Event "Open Aubagne"]
[Site "Aubagne"]
[Date "2024.01.20"]
[Round "5.17"]
[White "Burnel, Marie-France"]
[Black "Innocenti, Georges"]
[Result "0-1"]
[WhiteElo "1199"]
[BlackElo "1009"]
[PlyCount "78"]
[WhiteTeam "C.E. Aubagnais"]
[BlackTeam "C.E. Aubagnais"]

1. c4 e5 2. Nc3 Nf6 3. g3 Nc6 4. Bg2 Bb4 5. e3 Bxc3 6. bxc3 O-O 7. Ne2 Re8 8.
O-O d6 9. d4 e4 10. Nf4 d5 11. c5 Bg4 12. f3 exf3 13. Bxf3 Bxf3 14. Qxf3 Qd7
15. Nh5 Nxh5 16. Qxh5 g6 17. Qh6 Ne7 18. Bd2 Nf5 19. Qf4 Re4 20. Qf2 c6 21.
Rae1 Rae8 22. Kh1 R8e6 23. Re2 Rf6 24. Qg2 Rfe6 25. Ref2 Rxe3 26. Bxe3 Nxe3 27.
Qg1 Nxf1 28. Qxf1 Qe7 29. Qg2 Re1+ 30. Rf1 Rxf1+ 31. Qxf1 Qe4+ 32. Kg1 Qe3+ 33.
Kg2 Qxc3 34. Qf6 Qc2+ 35. Kh3 Qd1 36. Qd8+ Kg7 37. a4 Qf1+ 38. Kh4 Qf6+ 39.
Qxf6+ Kxf6 0-1

[Event "Open Aubagne"]
[Site "Aubagne"]
[Date "2024.01.20"]
[Round "5.18"]
[White "Giraudoux Lognos, Lina"]
[Black "Peucelle, Richard"]
[Result "1-0"]
[WhiteElo "1199"]
[BlackElo "1199"]
[PlyCount "99"]
[WhiteTeam "C.E. Aubagnais"]
[BlackTeam "C.E. Aubagnais"]

1. d4 d5 2. Bf4 Bf5 3. c4 e6 4. Nc3 Bd6 5. Bg3 c6 6. Nf3 Nd7 7. Ne5 Qc7 8. Nxd7
Qxd7 9. e3 Bxg3 10. hxg3 Nf6 11. Be2 Qd6 12. c5 Qc7 13. g4 Bxg4 14. Bxg4 Nxg4
15. Qxg4 g6 16. Rh6 f5 17. Qg5 Qe7 18. Qf4 Qg7 19. Qh2 O-O 20. O-O-O f4 21. Qh3
Rae8 22. Rh1 fxe3 23. Qxe3 Re7 24. Qe5 Qf7 25. f3 Qe8 26. Rxh7 Rxh7 27. Rxh7
Kxh7 28. Qh2+ Kg7 29. Qe5+ Kf7 30. Qc7+ Qe7 31. Qxe7+ Kxe7 32. Ne2 Rh8 33. Kd2
Rh2 34. g4 Rh1 35. Nf4 g5 36. Ne2 Ra1 37. a3 Ra2 38. Kc2 b6 39. Kb1 Rxb2+ 40.
Kxb2 e5 41. cxb6 axb6 42. dxe5 c5 43. Nc3 d4 44. Nd5+ Ke6 45. Nxb6 Kxe5 46. Kc2
Kf4 47. Kd3 Kxf3 48. a4 Kxg4 49. a5 c4+ 50. Nxc4 1-0